• 首页
  • 本馆介绍
  • 公告通知
  • 最新文献
  • 馆藏检索
  • 电子资源
  • 读者导购
  • 参考咨询
  • 我的图书馆
  • 登录
  • 详细信息显示
  • 放入我的书架
  • 预约/预借图书
  • 作者相关作品
  • 分类相关作品
  • 丛书相关作品
  • 出版社相关作品

书目信息

  • 表格格式
  • 工作单格式
  • 卡片格式
题名:
墙饰艺术
    
 
作者: 薛林 编著
分册:  
出版信息: 沈阳   辽宁美术出版社  1994
页数: 296页
开本: 26cm
丛书名: 装饰设计艺术系列
单 册:
中图分类: TU767-64
科图分类:
主题词: 墙面装修--图集
电子资源:
ISBN: 7-5314-1183-0
000 00736nam2 2200253 45
001 0195021648
005 20070727172615.87
010    @a7-5314-1183-0@b精装@dCNY148.00
100    @a19950511d1994 em y0chiy0121 ea
101 0  @achi
102    @aCN@b210000
105    @aa z 000yy
200 10 @a墙饰艺术@AQIANG SHI YI SHU@f薛 林等编著@FXUE LIN DENG BIAN ZHU
210    @a沈阳@c辽宁美术出版社@d1994
215    @a296页@d26cm
225 2  @a装饰设计艺术系列
330    @a分4部分:围墙、建筑外墙、室内墙面、墙面工艺。
410  0 @120010@a装饰设计艺术系列
540 1  @a墙饰@AQIANG SHI
606    @a墙面装修@x图集
690    @aTU767-64@v4
701  0 @a薛林@AXUE LIN@4编著
801  0 @aCN@bTSSF@c20070727
905    @a10447@dTU767-64@e389
    
    墙饰艺术/薛 林等编著.-沈阳:辽宁美术出版社,1994
    296页;26cm.-(装饰设计艺术系列)
    
    
    ISBN 7-5314-1183-0(精装):CNY148.00
    分4部分:围墙、建筑外墙、室内墙面、墙面工艺。
●
相关链接 在E读中查询图书 在五车中查询图书 在当当中查询图书 在豆瓣中查询图书


正题名:墙饰艺术     索取号:TU767-64/389         预约/预借

序号 登录号 条形码 馆藏地/架位号 状态 备注
1 0784385   207843850   第三借阅区/ [索取号:TU767-64/389] 在馆    
唐山师范学院图书馆 欢迎您!
大连网信软件有限公司© 版权所有